我們不結婚,好嗎

資料類型: Book 圖書   書目號:55503

Leader xxxxxxxxxx
001 __ PCLIS00055503
005 __ 20210721105201.0
010 0_ |a4710589642053|b平裝附光碟|dNT$200
010 0_ |a957-667-664-9|b平裝
100 __ |a20210721d2001    m  y0chiy09      e
101 0_ |achi
102 __ |atw
105 __ |ao   z   000ay
200 1_ |a我們不結婚,好嗎|f藤井樹著
205 __ |a初版
210 __ |a臺北市|c商周出版|c家傳媒城邦分公司發行|c聯合發行總經銷|d2001(民90)
215 0_ |a227面|d21公分|e1 CD
225 1_ |a網路小說|dNovel@Net|v7
304 __ |a著者本名吳子雲
517 1_ |a我們不結婚,好嗎
681 __ |a857.7|b8453|v增訂七版
700 _1 |a藤井|b|4|3NO000358166
801 _0 |acw|bCIP|c20000612|gCCR
801 _1 |acw|bCIP|c20000612|gCCR
801 _2 |acw|b中圖|c20001228|gCCR
801 _1 |atw|b內湖高中|c20210721|gCCR
801 _2 |atw|b內湖高中|c20210721|gCCR
詳細館藏(共 1 筆)
索 書 號登 錄 號冊次號館別 / 館藏地流通類型狀態加入預約清單電子資源
857.7 / 8453 2018221  圖書館 / 一樓普通區 可外借30天 在館   

| 條列資料




目錄查詢 分類查詢 個人資料 圖書薦購 新書查詢 閉館日 排行榜 更多電子資源 Hami書城 線上資料庫 登出

From : 216.73.217.87

  本日流通累計至 07:31:16 借閱 : 0 次 續借 : 0 次 歸還 : 0 次 預約 : 0 次 電子資源 : 0 次


內湖高中圖書館  PCLIS 版本  26.5.0.12